Airphoto patterns of soils of the western United States / (Record no. 528996)
[ view plain ]
| 000 -LEADER | |
|---|---|
| fixed length control field | 01007cam a22003011a 4500 |
| 001 - CONTROL NUMBER | |
| control field | 8835665 |
| 003 - CONTROL NUMBER IDENTIFIER | |
| control field | NUST |
| 005 - DATE AND TIME OF LATEST TRANSACTION | |
| control field | 20190918102930.0 |
| 008 - FIXED-LENGTH DATA ELEMENTS--GENERAL INFORMATION | |
| fixed length control field | 811210s1948 dcua f000 0 eng |
| 010 ## - LIBRARY OF CONGRESS CONTROL NUMBER | |
| LC control number | 50060146 |
| 035 ## - SYSTEM CONTROL NUMBER | |
| System control number | (OCoLC)7987334 |
| 038 ## - RECORD CONTENT LICENSOR | |
| Staff Name | MSOHAIL |
| 040 ## - CATALOGING SOURCE | |
| Original cataloging agency | DLC |
| Transcribing agency | MWP |
| Modifying agency | OCoLC |
| -- | DLC |
| 050 00 - LIBRARY OF CONGRESS CALL NUMBER | |
| Classification number | TL521 |
| Item number | .A374 no. 85 |
| 051 ## - LIBRARY OF CONGRESS COPY, ISSUE, OFFPRINT STATEMENT | |
| Classification number | S599.U5 |
| Item number | F7 |
| 082 ## - DEWEY DECIMAL CLASSIFICATION NUMBER | |
| Classification number | 0 |
| 100 1# - MAIN ENTRY--PERSONAL NAME | |
| Personal name | Frost, Robert E. |
| 9 (RLIN) | 20848 |
| 245 10 - TITLE STATEMENT | |
| Title | Airphoto patterns of soils of the western United States / |
| Statement of responsibility, etc. | by Robert E. Frost and K.B. Woods. |
| 260 ## - PUBLICATION, DISTRIBUTION, ETC. | |
| Place of publication, distribution, etc. | Washington : |
| Name of publisher, distributor, etc. | Govt. print. off., |
| Date of publication, distribution, etc. | 1948. |
| 300 ## - PHYSICAL DESCRIPTION | |
| Extent | vii, 76 p. : |
| Other physical details | ill. ; |
| Dimensions | 26 cm. |
| 490 0# - SERIES STATEMENT | |
| Series statement | U. S. Civil Aeronautics Administration. Technical development report ; |
| Volume/sequential designation | no. 85 |
| 650 #0 - SUBJECT ADDED ENTRY--TOPICAL TERM | |
| Topical term or geographic name entry element | Soils |
| Geographic subdivision | West (U.S.) |
| 9 (RLIN) | 20849 |
| 650 #0 - SUBJECT ADDED ENTRY--TOPICAL TERM | |
| Topical term or geographic name entry element | Physical geography |
| Geographic subdivision | West (U.S.) |
| 9 (RLIN) | 20850 |
| 650 #0 - SUBJECT ADDED ENTRY--TOPICAL TERM | |
| Topical term or geographic name entry element | Aerial photography. |
| 9 (RLIN) | 20851 |
| 700 1# - ADDED ENTRY--PERSONAL NAME | |
| Personal name | Woods, K. B. |
| Fuller form of name | (Kenneth Brady), |
| Dates associated with a name | 1905- |
| 9 (RLIN) | 20852 |
| 906 ## - LOCAL DATA ELEMENT F, LDF (RLIN) | |
| a | 7 |
| b | cbc |
| c | oclcrpl |
| d | u |
| e | ncip |
| f | 19 |
| g | y-gencatlg |
| 942 ## - ADDED ENTRY ELEMENTS (KOHA) | |
| Source of classification or shelving scheme | |
| Koha item type | Book |
| Withdrawn status | Lost status | Source of classification or shelving scheme | Damaged status | Not for loan | Permanent Location | Current Location | Date acquired | Total Checkouts | Barcode | Date last seen | Price effective from | Koha item type |
|---|---|---|---|---|---|---|---|---|---|---|---|---|
| School of Civil and Environmental Engineering (SCEE) | School of Civil and Environmental Engineering (SCEE) | 09/18/2019 | NIT-10626 | 09/18/2019 | 09/18/2019 | Book |
